Ảnh hưởng của biện pháp quản lý nước lên khoáng hoá đạm và biến đổi hoá học đất trên đất phù sa và đất phèn trồng lúa : Luận văn Thạc sĩ Chuyên ngành Khoa học Đất

Đề tài khảo sát khả năng khoáng hoá đạm với hai biện pháp quản lý đất phú sa và đất phèn trồng lúa, xác định một số biến đổi hoá học của đất và xác định hiệu quả sử dụng N của cây Lúa với hai biện pháp quản lý nước trên đất phù sa v...

Disgrifiad llawn

Wedi'i Gadw mewn:
Manylion Llyfryddiaeth
Prif Awdur: Nguyễn, Quốc Khương
Fformat: Llyfr
Iaith:Undetermined
Cyhoeddwyd: Cần Thơ Trường Đại học Cần Thơ 2010
Pynciau:
Tagiau: Ychwanegu Tag
Dim Tagiau, Byddwch y cyntaf i dagio'r cofnod hwn!
Thư viện lưu trữ: Trung tâm Học liệu Trường Đại học Cần Thơ
LEADER 01303nam a2200217Ia 4500
001 CTU_163898
008 210402s9999 xx 000 0 und d
082 |a 631.41 
082 |b Kh561 
088 |a 60620103 
100 |a Nguyễn, Quốc Khương 
245 0 |a Ảnh hưởng của biện pháp quản lý nước lên khoáng hoá đạm và biến đổi hoá học đất trên đất phù sa và đất phèn trồng lúa : 
245 0 |b Luận văn Thạc sĩ Chuyên ngành Khoa học Đất 
245 0 |c Nguyễn Quốc Khương ; Ngô Ngọc Hưng (Hướng dẫn Khoa học) 
260 |a Cần Thơ 
260 |b Trường Đại học Cần Thơ 
260 |c 2010 
520 |a Đề tài khảo sát khả năng khoáng hoá đạm với hai biện pháp quản lý đất phú sa và đất phèn trồng lúa, xác định một số biến đổi hoá học của đất và xác định hiệu quả sử dụng N của cây Lúa với hai biện pháp quản lý nước trên đất phù sa và đất phèn. 
650 |a Soil chemistry,Hóa học đất 
904 |i Trọng Hải 
980 |a Trung tâm Học liệu Trường Đại học Cần Thơ